Introduction to tourism management (Record no. 272946)

MARC details
000 -LEADER
fixed length control field 00428nam a2200169Ia 4500
005 - DATE AND TIME OF LATEST TRANSACTION
control field 20240626141949.0
008 - FIXED-LENGTH DATA ELEMENTS--GENERAL INFORMATION
fixed length control field 240126s9999 xx 000 0 und d
020 ## - INTERNATIONAL STANDARD BOOK NUMBER
International Standard Book Number 9781259026805
082 ## - DEWEY DECIMAL CLASSIFICATION NUMBER
Classification number 910 SHA;1 R
100 ## - MAIN ENTRY--PERSONAL NAME
Personal name Sharma, Kshitiz.
245 #0 - TITLE STATEMENT
Title Introduction to tourism management
260 ## - PUBLICATION, DISTRIBUTION, ETC. (IMPRINT)
Name of publisher, distributor, etc. McGraw Hill
Place of publication, distribution, etc. New Delhi
Date of publication, distribution, etc. 2014
300 ## - PHYSICAL DESCRIPTION
Extent xxi, 528
440 ## - SERIES STATEMENT/ADDED ENTRY--TITLE
Title NULL
650 ## - SUBJECT ADDED ENTRY--TOPICAL TERM
Topical term or geographic name as entry element tourism,management
942 ## - ADDED ENTRY ELEMENTS (KOHA)
Koha item type PESU Books
Holdings
Date last seen Total Checkouts Full call number Accession number Old discount Volume/Issue Number Cost, replacement price Price effective from Category Lost status Source of classification or shelving scheme Damaged status Department Withdrawn status bill no. Permanent Location Current Location Shelving location Entry date Vendor Cost, normal purchase price Grants Currency symbol Conversion rate Discount Discount type Checked out Date checked out
26/01/2024   910 SHA;1 R PU209 25 (06/07/1905) 446.25 26/01/2024 PESU Books   Dewey Decimal Classification   Central Library   77236 Central Library Central Library Central Library 04/09/2014 Book Paradise 595.00 HM RS 1 148.75 Rupees    
02/04/2024 1 910 SHA;2 R1 PU3736 25 (06/07/1905) 468.75 26/01/2024 PESU Books       HEM   80745 Central Library Central Library BHM 06/08/2015 Book Paradise 625.00 HM RS 1 156.25 Rupees 01/02/2018 02/04/2024

© For any Suggestions or Query, please contact the library staff @ librarian@pes.edu or Phone: +9180 2672 1983/ 2108.